Novel Hybrid Printing of Porous TiC/Ti6Al4V Composites; Advanced Engineering Materials; Vol. 21, iss. 8

Podrobná bibliografie
Parent link:Advanced Engineering Materials
Vol. 21, iss. 8.— 2019.— [1900336, 8 p.]
Korporativní autor: Национальный исследовательский Томский политехнический университет Инженерная школа новых производственных технологий Отделение материаловедения
Další autoři: Yadav P. Pinku, Bock Th. Thomas, Fu Z. Zongwen, Lorenz H. Hannes, Gotman I. Irene, Greil P. Peter, Travitsky (Travitzky) N. Nakhum
Shrnutí:Title screen
Porous TiC/Ti6Al4V composite samples are fabricated by novel hybrid 3D-printing (3DP)/sintering method using a blend of Ti6Al4V and dextrin powders as a precursor material. TiC/Ti6Al4V samples are 3D-printed with two different layer thicknesses of 0.150 and 0.175 mm, and subsequently sintered at various sintering temperatures and dwell times. X-ray analysis of the fabricated composites shows the presence of Ti and TiC. The maximum Young's modulus of porous TiC/Ti6Al4V samples is found to be ≈51 GPa. An overall porosity of the sintered samples ranges from 12% to 35% with a pore size of 65-160 μm. The bending strength ranges from ≈80 to ≈285 MPa depending on the sintering parameters. The compressive strength and hardness of the obtained composites are also reported. Binder jetting 3DP process overcomes the problem of fabricating complex structures and has an edge over conventional techniques such as casting, machining, etc. Several complex-shaped models are fabricated to demonstrate the net-shape capability of this approach.
Jazyk:angličtina
Vydáno: 2019
Témata:
On-line přístup:https://doi.org/10.1002/adem.201900336
Médium: MixedMaterials Elektronický zdroj Kapitola
KOHA link:https://koha.lib.tpu.ru/cgi-bin/koha/opac-detail.pl?biblionumber=662327

MARC

LEADER 00000naa0a2200000 4500
001 662327
005 20250407153400.0
035 |a (RuTPU)RU\TPU\network\33464 
035 |a RU\TPU\network\33463 
090 |a 662327 
100 |a 20200716d2019 k||y0rusy50 ba 
101 0 |a eng 
102 |a US 
135 |a drcn ---uucaa 
181 0 |a i  
182 0 |a b 
200 1 |a Novel Hybrid Printing of Porous TiC/Ti6Al4V Composites  |f P. Yadav, Th. Bock, Z. Fu [et al.] 
203 |a Text  |c electronic 
300 |a Title screen 
320 |a [References: 39 tit.] 
330 |a Porous TiC/Ti6Al4V composite samples are fabricated by novel hybrid 3D-printing (3DP)/sintering method using a blend of Ti6Al4V and dextrin powders as a precursor material. TiC/Ti6Al4V samples are 3D-printed with two different layer thicknesses of 0.150 and 0.175 mm, and subsequently sintered at various sintering temperatures and dwell times. X-ray analysis of the fabricated composites shows the presence of Ti and TiC. The maximum Young's modulus of porous TiC/Ti6Al4V samples is found to be ≈51 GPa. An overall porosity of the sintered samples ranges from 12% to 35% with a pore size of 65-160 μm. The bending strength ranges from ≈80 to ≈285 MPa depending on the sintering parameters. The compressive strength and hardness of the obtained composites are also reported. Binder jetting 3DP process overcomes the problem of fabricating complex structures and has an edge over conventional techniques such as casting, machining, etc. Several complex-shaped models are fabricated to demonstrate the net-shape capability of this approach. 
461 |t Advanced Engineering Materials 
463 |t Vol. 21, iss. 8  |v [1900336, 8 p.]  |d 2019 
610 1 |a электронный ресурс 
610 1 |a труды учёных ТПУ 
610 1 |a 3-dimensional printing 
610 1 |a biomaterial 
610 1 |a metal-matrix-composite 
610 1 |a Ti6Al4V 
610 1 |a titanium carbide 
610 1 |a 3D-печать 
610 1 |a биоматериалы 
610 1 |a карбид титана 
701 1 |a Yadav  |b P.  |g Pinku 
701 1 |a Bock  |b Th.  |g Thomas 
701 1 |a Fu  |b Z.  |g Zongwen 
701 1 |a Lorenz  |b H.  |g Hannes 
701 1 |a Gotman  |b I.  |g Irene 
701 1 |a Greil  |b P.  |g Peter 
701 1 |a Travitsky (Travitzky)  |b N.  |c specialist in the field of material science  |c Professor of Tomsk Polytechnic University  |f 1951-  |g Nakhum  |3 (RuTPU)RU\TPU\pers\42461 
712 0 2 |a Национальный исследовательский Томский политехнический университет  |b Инженерная школа новых производственных технологий  |b Отделение материаловедения  |3 (RuTPU)RU\TPU\col\23508 
801 2 |a RU  |b 63413507  |c 20200716  |g RCR 
856 4 |u https://doi.org/10.1002/adem.201900336 
942 |c CF